Culture Générale - Série 2335 - Statistiques

Statistiques générales
  • Ce quiz a été pris 137 fois
  • Le résultat moyen est 4 sur 10
Statistiques - réponses
Question Réponse % Correct
Quelle est la capitale de l'Arménie ? Erevan
81%
Supporteur italien (surtout pour le football, le cyclisme) tifosi
64%
Quelle est la plus grande ville de l'état des Etats Unis Illinois ? Chicago
57%
De quel archipel de l'Océan Indien Mahé est-elle la principale île ? Seychelles
51%
Dans la saga des Rougon Macquart d'Emile Zola, sous quel nom connait-on mieux Anna Coupeau ? Nana
47%
Qui a réalisé le film "J'accuse" en 2019 ? prénom et nom Roman Polanski
37%
C'est une personne de mauvaise vie qui se prostitue (vieilli) anagramme de "ebaudir" ribaude
31%
Petite forteresse construite dans les premiers temps de la conquête musulmane du Maghreb pour protéger les frontières de la cité- anagramme "batir" - voir photo ribat
13%
Sous quel nom connait-on mieux le poisson appelé "spet" ou "brochet de mer" ? barracuda
11%
Ce mot anagramme de "orbite" signifie "Excès de nourriture et de boisson" (vieilli) ribote
4%
Aucun quiz correspondant
Distribution des résultats
% des personnes avec chaque résultat
Percentile par nombre de réponses
Votre historique - résultats
Vous n’avez pas pris ce quiz